Socialism since marx / (Record no. 124886)

MARC details
000 -LEADER
fixed length control field 00677nam a22002297a 4500
005 - DATE AND TIME OF LATEST TRANSACTION
control field 20170124105946.0
010 ## - LIBRARY OF CONGRESS CONTROL NUMBER
LC control number 724941
020 ## - INTERNATIONAL STANDARD BOOK NUMBER
Terms of availability 00.00
International Standard Book Number 0713903031
035 ## - SYSTEM CONTROL NUMBER
System control number 724941
037 ## - SOURCE OF ACQUISITION
Source of stock number/acquisition Cen Lib/Ret
040 ## - CATALOGING SOURCE
Original cataloging agency DPL
Language of cataloging EN
082 ## - DEWEY DECIMAL CLASSIFICATION NUMBER
Classification number 335.4
Item number KIL
100 ## - MAIN ENTRY--PERSONAL NAME
Personal name Kiloy-Silk, Robert
9 (RLIN) 12273
245 ## - TITLE STATEMENT
Title Socialism since marx /
Statement of responsibility, etc by Robert Kilroy-Silk
260 ## - PUBLICATION, DISTRIBUTION, ETC. (IMPRINT)
Place of publication, distribution, etc London
Name of publisher, distributor, etc Allen Lane The Penguin Press
Date of publication, distribution, etc 1972
270 ## - ADDRESS
Address 74 Grosvenor Street
City London
300 ## - PHYSICAL DESCRIPTION
Extent xviii,361p.
Dimensions 22cm(Hb)
500 ## - GENERAL NOTE
General note Includes bibliographic references and index
650 ## - SUBJECT ADDED ENTRY--TOPICAL TERM
Topical term or geographic name as entry element Communism
9 (RLIN) 11516
650 ## - SUBJECT ADDED ENTRY--TOPICAL TERM
Topical term or geographic name as entry element Socialism
9 (RLIN) 9251
942 ## - ADDED ENTRY ELEMENTS (KOHA)
Source of classification or shelving scheme Dewey Decimal Classification
Koha item type English Books
Classification part 335.4
Call number suffix KIL
Holdings
Withdrawn status Lost status Damaged status Not for loan Home library Current library Date acquired Source of acquisition Cost, normal purchase price Total Checkouts Full call number Barcode Date last seen Copy number Cost, replacement price Price effective from Koha item type Public note
Written off       Central Library Central Library 18/06/2015 Cen Lib/Ret 0.00   335.4 KIL 724941 18/06/2015 1 0.00 18/06/2015 English Books W/d list no. 6819/10

© Delhi Public Library
Hit Counter
free hit counter